000 004390000a22001690004500
003 MACL
005 20160110131601.0
008 160110b xxu||||| |||| 00| 0 eng d
040 _aMACL
_cMACL
041 _aEnglish
082 _a738/SHA
100 _aShaw, Simeon
_930886
245 _aHistory of the Staffordshire Potteries
260 _bScott Greenwood & Co
_c1900
_aLondon
650 _aCeramic Art
_930887
942 _cBK
_k738/SHA
_2ddc
999 _c38191
_d38191